Top 10 des aliments les plus caloriques au monde - Statistiques

Statistiques générales
  • Ce quiz a été pris 31 fois
  • Le résultat moyen est 3 sur 8
Statistiques - réponses
Hint Réponse % Correct
884 kcal / 100g Huile
85%
717 kcal / 100g Beurre
81%
718 kcal / 100g Noix
30%
700 kcal / 100g Alcool
22%
588 kcal / 100g Beurre de cacahuète
22%
898 kcal / 100g Lard
22%
403 kcal / 100g Cheddar
15%
580 kcal / 100g Chocolat noir
11%
Aucun quiz correspondant
Distribution des résultats
% des personnes avec chaque résultat
Percentile par nombre de réponses
Votre historique - résultats
Vous n’avez pas pris ce quiz